Facultad de Derecho – Universidad Nacional de Mar del Plata

Organizaciòn y Procedimiento de la Justicia Nacional del Trabajo: Ley 18.345 (Record no. 4248)

MARC details
000 -CABECERA
campo de control de longitud fija 00564nam a22001457a 4500
080 ## - NUMERO DE CLASIFICACION DECIMAL UNIVERSAL (CDU)
Número de la Clasificación Decimal Universal 351.83 Or 3
245 ## - MENCION DE TITULO
Título propiamente dicho Organizaciòn y Procedimiento de la Justicia Nacional del Trabajo: Ley 18.345
Parte restante del título Decret 106/98: reglamento de la Conciliaciòn Laboral Obligatoria; Decreto nª 1169/ 96 y ademas Normas Complemantarias
260 ## - PUBLICACION, DISTRIBUCION, ETC. (PIE DE IMPRENTA)
Lugar de publicación, distribución, etc. Buenos Aires
Nombre del editor, distribuidor, etc. Direcciòn Nacional de Registro Oficial
Fecha de publicación, distribución, etc. 1998
300 ## - DESCRIPCION FISICA
Extensión 47 P.
650 ## - ASIENTO SECUNDARIO DE MATERIA - TERMINO TEMATICO
Subdivisión general derecho laboral
650 ## - ASIENTO SECUNDARIO DE MATERIA - TERMINO TEMATICO
Subdivisión general derecho del trabajo
650 ## - ASIENTO SECUNDARIO DE MATERIA - TERMINO TEMATICO
Subdivisión general conciliación laboral obligatoria
945 ## - INFORMACION DE PROCESAMIENTO LOCAL
Responsable de carga/modificación Celeste Delía
AAAA-MM-DD - Fecha de ingreso/modificación 2016-02-26
942 ## - ELEMENTOS AGREGADOS (KOHA)
Clasificación normalizada de Koha para alfabetizar _
Holdings
Retirado Perdido Fuente de clasificación Dañado No se presta Ubicación permanente Locación actual Estante o sala Fecha de adquisición Total préstamos Signatura topográfica Inventario Ultima fecha vista Fecha del precio Tipo de item de Koha
          Bib. Derecho Bib. Derecho Sala de Lectura 26/02/2016   351.83 Or 3 30181 26/02/2016 26/02/2016 LIBRO (Consulta)

XHTML | CSS | ©Biblioteca Central - Dto. Tecnología de la Información - [ Con tecnología Koha ]